000 00354nam a2200145Ia 4500
008 230917s9999||||xx |||||||||||||| ||und||
040 _e28114
_aMAIN
041 _aEnglish
082 _a891.2109 P975A
100 _aPurohit, Laxminarayan
245 0 _aAlankar sameeksha
260 _aDelhi
_bNag prakashak
_c1997
300 _axxix, 554 p.
942 _cBK
999 _c99944
_d99944